00739nam a2200229Ia 4500003000400000005001700004008004100021020003000062040001700092082001900109100002100128245006500149250001200214260002800226300002200254650002900276650003000305650002500335942000900360952012700369999001300496IIN20250522112956.0231217s9999 xx 000 0 und d cRs.1495.00a9789388958813 aIINbEnglish a362.10425bSUR1 aSuryakanth, A. H1 aCommunity Medicine bwith Recent Advances/cA. H. Suryakanth a 5th ed aNew DelhibJaypeec2019 axvi, [3] 4-954 p.1 aCommunity health nursing1 aCommunity health services1 aMedicine, Preventive cBOOK 00102ddc40708Purches BookaIINbIINd2023-12-17g1495.00l0o362.10425 SURp223r2023-12-17 21:32:14w2023-12-17yBOOK c228d228